| 000 | 00378nam a22001577a 4500 | ||
|---|---|---|---|
| 003 | SGT | ||
| 020 | _a978-1-4557-2698-1 | ||
| 082 |
_a617.643 _bO14P |
||
| 100 | _aPOSNICK,JEFFERY.C | ||
| 245 | _aORTHOGNATHIC SURGERY:PRINCIPLES & PRACTICE. | ||
| 250 | _a1ST | ||
| 260 |
_aST.LOUIS,MISSOURI _bELSEVIER _c2014 |
||
| 300 | _a1059-1783 | ||
| 650 | _aORTHODONTICS | ||
| 942 |
_2ddc _cBK |
||
| 999 |
_c10655 _d10655 |
||